| 000 | 00370nam a22001457a 4500 | ||
|---|---|---|---|
| 003 | OSt | ||
| 005 | 20160727222355.0 | ||
| 008 | 160622b xxu||||| |||| 00| 0 eng d | ||
| 040 | _cTEST | ||
| 100 |
_9512 _aChoudhari, B, P |
||
| 245 | _aWilliam Shakespeare Richard-II | ||
| 260 |
_aN.D _bAarti Book Centre _c1985 |
||
| 300 | _aWilliam Shakespeare Richard-II | ||
| 942 |
_2ddc _cBK |
||
| 999 |
_c422 _d422 |
||